Normal view
MARC view
Entry Personal Name
001 - CONTROL NUMBER
- control field: 1225
003 - CONTROL NUMBER IDENTIFIER
- control field: OSt
005 - DATE AND TIME OF LATEST TRANSACTION
- control field: 20260108123839.0
008 - FIXED-LENGTH DATA ELEMENTS
- fixed length control field: 260108|| aca||aabn | a|a d
040 ## - CATALOGING SOURCE
- Original cataloging agency: OSt
- Transcribing agency: OSt
100 ## - HEADING--PERSONAL NAME
- Personal name: Rajesh Rao K
670 ## - SOURCE DATA FOUND
- Source citation: Work cat.: (OSt)20829: Rajesh Rao K, A Study on the impact of yogic councelling module on psycho social well-being of adolescents with cognitive distortion., 2025